Hasta la vista - Alonzo _ paroles - Statistiques

Statistiques générales
  • Ce quiz a été pris 4 fois
  • Le résultat moyen est 243 sur 371
Statistiques - réponses
Hint Réponse % Correct
a
100%
à
100%
Au
100%
balles
100%
c'est
100%
C'est
100%
dans
100%
de
100%
embouteillages
100%
fait
100%
Hasta
100%
je
100%
Couplet 1 La
100%
100%
la
100%
le
100%
Le
100%
les
100%
Les
100%
mômes
100%
on
100%
On
100%
par
100%
Pérou
100%
plane
100%
pleuvent
100%
qui
100%
Qu'on
100%
qu'on
100%
rentre
100%
son
100%
stone
100%
t'à
100%
un
100%
vers
100%
Vista
100%
vite
100%
Refrain Y'a
100%
Refrain Ya
100%
zone
100%
ailleurs
50%
aime
50%
amis
50%
apaise
50%
aspirée
50%
autour
50%
Autre
50%
avec
50%
bas
50%
bien
50%
bizarre
50%
bizzarre
50%
ça
50%
Ca
50%
calme
50%
ceux
50%
chez
50%
Clio
50%
comme
50%
conduire
50%
d'alcool
50%
danse
50%
daronne
50%
dealaient
50%
dealait
50%
des
50%
d'être
50%
d'finir
50%
donc
50%
du
50%
Elle
50%
en
50%
encore
50%
ennuis
50%
Et
50%
être
50%
faire
50%
faut
50%
Faut
50%
faux
50%
flotter
50%
footballeur
50%
fous
50%
fuir
50%
galère
50%
gamberge
50%
grandi
50%
guitares
50%
j'ai
50%
J'aime
50%
J'klaxonne
50%
j'la
50%
jour
50%
jours
50%
kichta
50%
kiffe
50%
KO
50%
l'eau
50%
l'heure
50%
l'insomnie
50%
l'outillage
50%
mal
50%
même
50%
menthe
50%
mes
50%
met
50%
météo
50%
moi
50%
monde
50%
mort
50%
nous
50%
n'sais
50%
50%
pareil
50%
pars
50%
part
50%
Pas
50%
passé
50%
peines
50%
perdu
50%
pleure
50%
plus
50%
point
50%
police
50%
pour
50%
Pour
50%
quand
50%
question
50%
qu'importe
50%
qu'je
50%
rallye
50%
rappeur
50%
ratatata
50%
rentrer
50%
rêvait
50%
rêve
50%
routine
50%
sa
50%
Sebago
50%
serrage
50%
Short
50%
si
50%
solo
50%
sont
50%
sortent
50%
s'taille
50%
suis
50%
sur
50%
s'vide
50%
s'voit
50%
tête
50%
toujours
50%
tourne
50%
tous
50%
traces
50%
trop
50%
tunique
50%
une
50%
va
50%
Vibrequin
50%
vie
50%
vois
50%
c'que
0%
ghetto
0%
J'marronequ'est
0%
ratatatata
0%
Aucun quiz correspondant
Distribution des résultats
% des personnes avec chaque résultat
Percentile par nombre de réponses
Votre historique - résultats
Vous n’avez pas pris ce quiz